| 000 | 01728 am a2200457 a 4500 | ||
|---|---|---|---|
| 005 | 20240624125615.0 | ||
| 008 | 100629s2006||||ag a f |||| 001 0 spa d | ||
| 020 | _a9789500600804 | ||
| 041 | _aspa | ||
| 092 |
_c540 _l5 _sATK |
||
| 100 | 1 |
_aAtkins, Peter. _91135 |
|
| 245 |
_aPrincipios de Química. _bLos caminos del descubrimiento / _cPeter Atkins |
||
| 250 |
_a3a ed. _bTraducción María I. Gismondi ; Ester Filinger ; Emilia Más ; Andrea Méndez ; Silvia Rondinone y Rolando Rossi |
||
| 260 |
_aBuenos Aires: _bEditorial Médica Panamericana; _c2006. |
||
| 300 |
_a738 p. _bil. |
||
| 500 | _aAtkins, P. y Jones, L. (2006). Principios de Química. Los caminos del descubrimiento. (3a ed.). Buenos Aires : Editorial Médica Panamericana. | ||
| 590 | _aDonación Editorial, 2005 | ||
| 653 | _aFundamentos | ||
| 653 | _aAtomos: el mundo cuántico | ||
| 653 | _aEnlaces químicos | ||
| 653 | _aForma y estructura moleculares | ||
| 653 | _aPropiedades de los gases | ||
| 653 | _aLíquidos y sólidos | ||
| 653 | _aTermodinámica: primera ley | ||
| 653 | _aTermodinámica: segunda y tercera ley | ||
| 653 | _aEquilibrios físicos | ||
| 653 | _aEquilibrios químicos | ||
| 653 | _aAcidos y bases | ||
| 653 | _aEquilibrio acuoso | ||
| 653 | _aElectroquímica | ||
| 653 | _aCinética química | ||
| 653 | _aElementos: los primeros cuatro grupos principales | ||
| 653 | _aElementos: los últimos cuatro grupos principales | ||
| 653 | _aElementos: el bloque D | ||
| 653 | _aQuímica nuclear | ||
| 653 | _aQuímica orgánica I: hidrocarburos | ||
| 653 | _aQuímica orgánica II: polímeros y compuestos biológicos | ||
| 700 | 1 |
_aJones, Loretta. _91136 |
|
| 930 | _a1397 | ||
| 942 |
_2ddc _cBK |
||
| 999 |
_c436 _d436 |
||